Paesi attraversati dall'equatore - Statistics

Statistiche generali
  • Questo quiz è stato fatto 70 volte
  • Il punteggio medio è 10 su 12
Statistiche sulle risposte
Continente Paese % Corretto
America Colombia
100%
America Brasile
98%
America Ecuador
98%
Africa Repubblica Democratica del Congo (Rep. Congo)
97%
Asia Indonesia
92%
Africa Kenya
92%
Africa Gabon
79%
Africa Uganda
74%
Africa Somalia
71%
Asia Maldive
60%
Oceania Kiribati
58%
Africa São Tomé e Príncipe
47%
Nessun quiz corrispondente trovato
Distribuzione punteggi
Percentuale di utenti per punteggio
Percentile per numero di risposta
I tuoi punteggi nel tempo
Non hai fatto questo quiz